Language Quiz

Random Language or German Quiz

German numbers 11-20 Quiz Stats

 Plays Quiz not verified by Sporcle

Challenge
Share
Tweet
Embed
Score 0/10 Timer 03:00
0 Plays Today
% Correct
Elf
100%
Vierzehn
100%
Fünfzehn
100%
Zwölf
97.6%
Siebzehn
97.6%
Achtzehn
97.6%
Neunzehn
97.6%
Zwanzig
97.6%
Dreizehn
95.1%
Sechzehn
92.7%

You're not logged in!

Compare scores with friends on all Sporcle quizzes.
Join for Free
OR
Log In

You Might Also Like...

Show Comments

Extras

Top Quizzes Today


Score Distribution

Your Account Isn't Verified!

In order to create a playlist on Sporcle, you need to verify the email address you used during registration. Go to your Sporcle Settings to finish the process.

Report this User

Report this user for behavior that violates our Community Guidelines.

Details: